अन्तर्वंशी / (Record no. 116745)

MARC details
000 -LEADER
fixed length control field 00950nam a22002537a 4500
005 - DATE AND TIME OF LATEST TRANSACTION
control field 20170124103044.0
010 ## - LIBRARY OF CONGRESS CONTROL NUMBER
LC control number B-077564
020 ## - INTERNATIONAL STANDARD BOOK NUMBER
Terms of availability 250.00
International Standard Book Number 8170557054
035 ## - SYSTEM CONTROL NUMBER
System control number B-077564
037 ## - SOURCE OF ACQUISITION
Source of stock number/acquisition Cen Lib/Ret
040 ## - CATALOGING SOURCE
Original cataloging agency DPL
Language of cataloging HN
082 ## - DEWEY DECIMAL CLASSIFICATION NUMBER
Classification number
Item number उषाप्रि
100 ## - MAIN ENTRY--PERSONAL NAME
Personal name उषा प्रियंवदा
9 (RLIN) 68116
245 ## - TITLE STATEMENT
Title अन्तर्वंशी /
Statement of responsibility, etc उषा प्रियंवदा
246 ## - VARYING FORM OF TITLE
Title proper/short title Antarvanshi /
Remainder of title by Usha Priyamvada
260 ## - PUBLICATION, DISTRIBUTION, ETC. (IMPRINT)
Place of publication, distribution, etc नयी दिल्ली
Name of publisher, distributor, etc वाणी प्रकाशन
Date of publication, distribution, etc 2000
270 ## - ADDRESS
Address 21ए , दरिया गंज
City नयी दिल्ली
Postal code 110002
300 ## - PHYSICAL DESCRIPTION
Extent 251पृ.
Dimensions 21सेमी (सजिल्द)
650 ## - SUBJECT ADDED ENTRY--TOPICAL TERM
Topical term or geographic name as entry element हिन्दी साहित्य
9 (RLIN) 68117
650 ## - SUBJECT ADDED ENTRY--TOPICAL TERM
Topical term or geographic name as entry element उपन्यास
9 (RLIN) 68118
650 ## - SUBJECT ADDED ENTRY--TOPICAL TERM
Topical term or geographic name as entry element Hindi literature
9 (RLIN) 68119
650 ## - SUBJECT ADDED ENTRY--TOPICAL TERM
Topical term or geographic name as entry element Fiction
9 (RLIN) 8901
942 ## - ADDED ENTRY ELEMENTS (KOHA)
Source of classification or shelving scheme Dewey Decimal Classification
Koha item type Hindi Books
Classification part
Call number suffix उषाप्रि
Holdings
Withdrawn status Lost status Damaged status Not for loan Home library Current library Date acquired Source of acquisition Cost, normal purchase price Total Checkouts Full call number Barcode Date last seen Copy number Cost, replacement price Price effective from Koha item type
        Central Library Central Library 25/08/2015 Cen Lib/Ret 250.00   उ उषाप्रि B-077564 25/08/2015 1 250.00 25/08/2015 Hindi Books

© Delhi Public Library
Hit Counter
free hit counter